Desert Countries Quiz Stats

 Plays Quiz Updated Dec 26, 2018

Challenge
Share
Tweet
Embed
Score 0/65 Timer 06:00
5 Plays Today
Continent Country % Correct
AfricaEgypt
95.1%
North AmericaUnited States
93.7%
AsiaChina
92.7%
North AmericaMexico
92.1%
South AmericaArgentina
89.5%
South AmericaChile
89.5%
South AmericaBrazil
89.5%
AsiaIran
88%
AsiaIraq
87.9%
AsiaRussia
87.8%
OceaniaAustralia
87.3%
AfricaMorocco
87.2%
AfricaSouth Africa
86.9%
North AmericaCanada
86.5%
AfricaSudan
86.5%
AsiaIndia
86.4%
AfricaLibya
85.9%
AsiaSaudi Arabia
85.8%
South AmericaPeru
85.5%
AsiaMongolia
84.4%
AsiaPakistan
84.3%
AfricaNiger
84%
AfricaChad
83.5%
AfricaAlgeria
82.5%
AsiaAfghanistan
81.5%
AsiaIsrael
81.1%
AfricaEthiopia
79.8%
AfricaKenya
78.9%
AsiaYemen
78.6%
South AmericaColombia
78.6%
AfricaTunisia
78.5%
AsiaOman
78.2%
AfricaNigeria
78.2%
Continent Country % Correct
AsiaTurkey
77.6%
AsiaUnited Arab Emirates
77.2%
South AmericaBolivia
76.9%
AfricaSomalia
76.6%
AsiaSyria
75.7%
South AmericaVenezuela
75.5%
AsiaJordan
75.4%
AfricaMali
75.2%
AsiaKazakhstan
73.8%
South AmericaEcuador
73.7%
AsiaTurkmenistan
71.1%
AsiaKuwait
70.7%
AsiaUzbekistan
70.3%
AsiaQatar
69.3%
AfricaNamibia
68.5%
AfricaZimbabwe
66%
AfricaEritrea
65.7%
AsiaTajikistan
65.5%
AfricaAngola
64.1%
AfricaBotswana
63.7%
AfricaTanzania
63.7%
AfricaMauritania
62.8%
AfricaDjibouti
62%
AsiaKyrgyzstan
61.8%
AsiaBahrain
59.3%
AfricaMozambique
59%
EuropeSpain
57.1%
AfricaSenegal
53.8%
AsiaAzerbaijan
53.5%
AfricaCameroon
51.3%
AfricaBurkina Faso
50.2%
AfricaMadagascar
46.8%

You're not logged in!

Compare scores with friends on all Sporcle quizzes.
OR
Log In

You Might Also Like...

Show Comments

Extras

Top Quizzes Today


Score Distribution

Your Account Isn't Verified!

In order to create a playlist on Sporcle, you need to verify the email address you used during registration. Go to your Sporcle Settings to finish the process.

Report this User

Report this user for behavior that violates our Community Guidelines.

Details: